00867nam a22002537a 45000010005000000030006000050050017000110080041000280200017000690400029000860500015001150820008001301000022001382450136001602600041002963000049003375050009003865200063003955210029004585210021004876500039005086500026005477000040005738391FISKH20250910140126.0250910b cb ||||| |||| 00| 0 eng d a033500113239 aFISKHbengcFISKHdFISKH aQL706 .D44 a599 aFord, Deborah De  a I wonder why skunks are so smelly, and other neat facts about mammals / cBy Deborah De Ford : Illustrated by Pedro Julio Gonzalez aNew York : bA Golden Book , c1992. a32 pages : bcolor illustrations ; c27 cm . aN  aAmazing but true facts about the wide variety of mammals. 8 a580 bLexile estimate 8 aN bRaz-Plus  aQuestions and answersvNon-fiction aAnteatervNon-fiction aGonzalez, Pedro JulioeIllustrator